| 000 | 01240cam a22003377a 4500 | ||
|---|---|---|---|
| 003 | CHAP | ||
| 005 | 20220817043638.0 | ||
| 008 | 000324d1997 mx ab r 00110 spa d | ||
| 010 | _a80524 | ||
| 011 | _a81496 | ||
| 020 | _a9688173843 | ||
| 035 | _a91968 | ||
| 040 | _cCHAP | ||
| 090 | _aFolleto 15568 | ||
| 110 | 1 |
_aMéxico. Secretaría de Medio Ambiente, Recursos Naturales y Pesca _977201 |
|
| 245 | 1 | 0 |
_aSalitrales de San Ignacio : _bsal y ballenas en Baja California _c/por Secretaria del Medio Ambiente Recursos Naturales y Pesca |
| 260 |
_aMéxico, D.F. : _bSecretaria del Medio Ambiente Recursos Naturales y Pesca, _c1997. |
||
| 300 |
_a24 p. : _bilus. |
||
| 500 | _aEdición bilingue español-ingles | ||
| 590 |
_aBATCH-UPD _b10 _c20130110 _lUCH01 _h0833 |
||
| 590 |
_aBATCH-UPD _b10 _c20130410 _lUCH01 _h0511 |
||
| 590 |
_aBATCH-UPD _b10 _c20130914 _lUCH01 _h1956 |
||
| 590 |
_aCONVERSION _b10 _c20130109 _lUCH01 _h1345 |
||
| 650 | 1 | 4 |
_aRecursos naturales _xConservación. |
| 650 | 1 | 4 |
_aReserva de la Biosfera de el Vizcaino, Baja California. _996103 |
| 650 | 1 | 4 |
_aSal _xIndustria _xMéxico. _9101246 |
| 901 | _aBK | ||
| 905 | _aMayto Villalobos S. | ||
| 942 | _cFOLL | ||
| 949 |
_aFolleto 15568 _bBC _cFOLL _d919681 _eTS1 _i91968 _sb |
||
| 999 |
_c80524 _d80524 |
||